Museos y coleccionismo ante el desafío del bicentenario (Record no. 1905)

MARC details
000 -LEADER
campo de control de longitud fija 01007nam a2200181 4500
008 - DATOS DE LONGITUD FIJA--INFORMACIÓN GENERAL
campo de control de longitud fija 069.074 M986m
020 ## - NÚMERO INTERNACIONAL ESTÁNDAR DEL LIBRO
Número Internacional Estándar del Libro 9789872182274
082 ## - NÚMERO DE LA CLASIFICACIÓN DECIMAL DEWEY
Número de clasificación 069.074
Número de ítem M986m
100 ## - ENTRADA PRINCIPAL--NOMBRE DE PERSONA
Nombre de persona Giunta, Andrea
9 (RLIN) 943
245 ## - MENCIÓN DEL TÍTULO
Título Museos y coleccionismo ante el desafío del bicentenario
260 ## - PUBLICACIÓN, DISTRIBUCIÓN, ETC.
Lugar de publicación, distribución, etc. Buenos Aires
Nombre del editor, distribuidor, etc. Fundación arteBA
Fecha de publicación, distribución, etc. 2010
300 ## - DESCRIPCIÓN FÍSICA
Extensión 364 p.
Otras características físicas il.
Dimensiones 15 x 22 cm
505 ## - NOTA DE CONTENIDO CON FORMATO
Título 22/05
-- Museos: los nuevos desafíos / Museums: New Challenges
-- 23/05
-- Coleccionismo y agendas públicas / Collecting and public agendas
-- 24/05
-- Los proyectos de los nuevos curadores / New curators´s projects
-- 25/06
-- El museo en el imaginario de la arquitectura / The museum in architecture´s imagery
-- Conclusiones / Conclusions
-- Un estado de situación / A current state of the situation
650 ## - PUNTO DE ACCESO ADICIONAL DE MATERIA--TÉRMINO DE MATERIA
Subdivisión general museología
-- museos - investigación
-- museos - coleccionismo
-- museos - curadores
-- museos - arquitectura
9 (RLIN) 7319
700 ## - ENTRADA AGREGADA--NOMBRE PERSONAL
Nombre de persona Converti, Julia
9 (RLIN) 7320
710 ## - ENTRADA AGREGADA--NOMBRE DE ENTIDAD CORPORATIVA
Nombre de entidad corporativa o nombre de jurisdicción como elemento de entrada Di Stasio, Alicia
9 (RLIN) 7321
711 ## - ENTRADA AGREGADA--NOMBRE DE REUNIÓN
Nombre de congreso/reunión o jurisdicción como elemento de entrada Valledor, Mario
9 (RLIN) 7322
Holdings
Estatus retirado Estado de pérdida Fuente del sistema de clasificación o colocación Estado de daño No para préstamo Biblioteca de origen Biblioteca actual Ubicación en estantería Fecha de adquisición Total de préstamos Signatura topográfica completa Código de barras Visto por última vez Precio de reemplazo Tipo de ítem Koha
    Clasificación Decimal Dewey     Biblioteca LadoV Biblioteca LadoV   11/03/2020   069.074 M986m 002971 11/03/2020 11/03/2020 Material 01